Putovanie po regióne - okres Skalica

Podrobná bibliografia
Korporatívny autor: RRA (Skalica, Slovensko) (Autor)
Ďalší autori: Hollý, Milan, 1937- (Fotograf), Minďáš, Miroslav (Fotograf), Timko, Eduard, 1969- (Fotograf), Hudcovič, Tomáš (Fotograf)
Médium: Kniha
Jazyk:slovenčina
PhysicalDescription:[48] s. fareb. fotogr., mapy 21 cm
Vydavateľské údaje: [Skalica Regionálna rozvojová agentúra] [2010]
ISBN:9788097031718
Predmet:

MARC

LEADER 00000cam a2200000 a 4500
001 vtls010284055
003 SK-MaSNL
005 20260302011803.0
008 180809s2010 xo ob g f 000 0 slo
015 |a SNBE2013 
020 |a 9788097031718  |q (brož.) 
040 |a SNK  |b slo  |c SNK  |e AACR2 
041 0 |a slo 
043 |a e-xo--- 
044 |a xo  |c SK 
072 7 |a 913(437)  |x Geografia Česka a Slovenska, reálie, cestovanie  |2 konspekt 
080 |a 908(437.6)  |2 2001 
080 |a 911.375  |2 2001 
080 |a 911.373  |2 2001 
080 |a 94(437.6)  |2 2001 
080 |a (048.8)  |2 2001 
080 |a (036)  |2 2001 
110 2 |a RRA (Skalica, Slovensko)  |4 aut  |9 652741 
245 0 0 |a Putovanie po regióne - okres Skalica  |c text: RRA Skalica ; foto: Milan Hollý ... [et al.] 
246 1 0 |a Okres Skalica 
260 |a [Skalica  |b Regionálna rozvojová agentúra]  |c [2010] 
300 |a [48] s.  |b fareb. fotogr., mapy  |c 21 cm 
500 |a Názov z obalu 
504 |a Bibliografia 
610 1 7 |a Skalica (Slovensko).  |b Mestský úrad  |2 SNKPH  |9 176680 
650 0 7 |a mestá  |2 SNKPH  |9 2929 
650 0 7 |a obce  |2 SNKPH  |9 2935 
650 0 7 |a Cities and towns  |2 SNKPHeng  |9 316555 
650 0 7 |a Municipalities  |2 SNKPHeng  |9 266969 
651 7 |a Skalica (Slovensko : okres)  |2 SNKPH  |9 13231 
651 7 |a Skalica (Slovakia)  |2 SNKPHeng  |9 288422 
655 7 |a prehľady  |2 SNKPH  |9 70194 
655 7 |a turistickí sprievodcovia (publikácie)  |2 SNKPH  |9 191298 
655 7 |a Surveys  |2 SNKPHeng  |9 266058 
655 7 |a Quidebooks  |2 SNKPHeng  |9 329993 
700 1 |a Hollý, Milan,  |d 1937-  |4 pht  |9 24911 
700 1 |a Minďáš, Miroslav  |4 pht  |9 14809 
700 1 |a Timko, Eduard,  |d 1969-  |4 pht  |9 114400 
700 1 |a Hudcovič, Tomáš  |4 pht  |9 417442 
919 |a 978-80-970317-1-8 
958 |a NB 
999 |c 1007405  |d 1009335 
952 |a SNK  |b SNK  |y PREZ  |7 0  |p 17A0705285  |o snkOSC 25583  |i snk2011/14124  |8 0  |0 0  |1 0  |4 0  |d 2011-06-21  |l 0  |r 2026-02-24 12:40:36  |w 2026-02-24 
952 |a SNK  |b SNK  |y VYP  |7 0  |p 17A0705286  |o snkOSC 25583 D1  |i snk2011/14126  |8 0  |0 0  |1 0  |4 0  |d 2011-06-21  |l 0  |r 2026-02-24 12:40:36  |w 2026-02-24